Languages in US Education Quiz Stats

 Plays Quiz Updated Jun 24, 2017

Support Sporcle.
Go Orange.
Score 0/24 Timer 04:00
2 Plays Today
Hint Language % Correct
Public K-12 schoolsSpanish
99.7%
Institutions of higher educationSpanish
99.7%
Public K-12 schoolsFrench
99.2%
Institutions of higher educationFrench
99.2%
Public K-12 schoolsChinese
97.9%
Institutions of higher educationChinese
97.9%
Public K-12 schoolsGerman
97.5%
Institutions of higher educationGerman
97.5%
Public K-12 schoolsJapanese
93.4%
Institutions of higher educationJapanese
93.4%
Public K-12 schoolsItalian
90%
Institutions of higher educationItalian
90%
Hint Language % Correct
Public K-12 schoolsRussian
89.7%
Institutions of higher educationRussian
89.6%
Institutions of higher educationArabic
82.6%
Institutions of higher educationPortuguese
81.3%
Public K-12 schoolsLatin
80.5%
Institutions of higher educationLatin
80.5%
Institutions of higher educationGreek, Ancient
68.5%
Institutions of higher educationKorean
67.5%
Institutions of higher educationHebrew, Biblical
48.7%
Institutions of higher educationHebrew, Modern
48.7%
Public K-12 schoolsAmerican Sign Language
23.4%
Institutions of higher educationAmerican Sign Language
23.4%

You're not logged in!

Compare scores with friends on all Sporcle quizzes.
OR
Log In
Forgot?

From the Vault

Cast of Friends

by Derek

So no one told you life was gonna be this way...
Remove Ads.
Support Sporcle.
Get the best of Sporcle when you Go Orange. This ad-free experience offers more features, more stats, and more fun while also helping to support Sporcle. Thank you for becoming a member.

Show Comments

Extras

Top Quizzes Today


Score Distribution

Your Account Isn't Verified!

In order to create a playlist on Sporcle, you need to verify the email address you used during registration. Go to your Sporcle Settings to finish the process.

Report this User

Report this user for behavior that violates our Community Guidelines.

Details: